Đánh giá hàm lượng hóa chất bảo vệ thực vật họ chlor hữu cơ thâm nhập vào Hồ Xuân Hương từ các nguồn nước thải khác nhau /

Sparad:
Bibliografiska uppgifter
Huvudupphovsman: Nguyễn Thanh Uyên.
Övriga upphovsmän: Nguyễn Đức Thuận.
Materialtyp: Artikel
Språk:Vietnamese
Taggar: Lägg till en tagg
Inga taggar, Lägg till första taggen!
Thư viện lưu trữ: Thư viện Trường Đại học Đà Lạt
LEADER 00898nam a2200241 4500
001 DLU170182464
005 ##20171215
040 # # |a DLU  |b vie 
041 # # |a vie 
044 # # |a vn 
100 # # |a Nguyễn Thanh Uyên. 
245 # # |a Đánh giá hàm lượng hóa chất bảo vệ thực vật họ chlor hữu cơ thâm nhập vào Hồ Xuân Hương từ các nguồn nước thải khác nhau /  |c Nguyễn Thanh Uyên, Nguyễn Đức Thuận. 
700 # # |a Nguyễn Đức Thuận. 
773 # # |t Trường Đại học Đà Lạt - Kỷ yếu hội nghị khoa học sau đại học 2012  |g 2012, tr. 101-114 
920 # # |a Phòng Sau đại học -- Trung tâm Thông tin - Thư viện Trường Đại học Đà Lạt 
994 # # |a DLU 
900 # # |a True 
911 # # |a Hoàng Thị Huyền 
925 # # |a G 
926 # # |a A 
927 # # |a BB 
980 # # |a Thư viện Trường Đại học Đà Lạt